书目信息 |
| 题名: |
独立的苏丹
|
|
| 作者: | 希贝卡 著 ;上海新闻出版系统“五·七干校”翻译组 译 | |
| 分册: | 下册 | |
| 出版信息: | 上海 上海人民出版社 1973.01 |
|
| 页数: | 395页 | |
| 开本: | 20cm | |
| 丛书名: | ||
| 单 册: | ||
| 中图分类: | K412 | |
| 科图分类: | ||
| 主题词: | 北非--历史 | |
| 电子资源: | ||
| ISBN: | ||
| 000 | 00799nam0 2200241 45 | |
| 001 | 0212170845 | |
| 005 | 20031219104102.3 | |
| 010 | @dCNY2.40 | |
| 091 | @a11171.25 | |
| 100 | @a20021217d1973 km y0chiy0120 ea | |
| 101 | 0 | @achi |
| 105 | @a z 000yy | |
| 200 | 1 | @a独立的苏丹@ADu Li De Su Dan@h下册@f(苏)迈基·希贝卡著@F(Su)Mai Ji·Xi Bei Ka Zhu@g上海新闻出版系统“五·七干校”翻译组译 |
| 210 | @a上海@c上海人民出版社@d1973.01 | |
| 215 | @a395页@d20cm | |
| 300 | @a内部读物 | |
| 300 | @a根据美国罗伯特·斯佩勒父子出版公司1959年版译出 | |
| 606 | 0 | @a北非@x历史 |
| 690 | @aK412@v3 | |
| 701 | 0 | @a希贝卡@4著 |
| 712 | 02 | @a上海新闻出版系统“五·七干校”翻译组@AShang Hai Xin Wen Chu Ban Xi Tong“Wu·Qi Gan Xiao”Fan Yi Zu@4译 |
| 801 | @aCN@bTSTC@c20021217 | |
| 905 | @dK412@e1:2@f1@b219135 | |
| 独立的苏丹.下册/(苏)迈基·希贝卡著/上海新闻出版系统“五·七干校”翻译组译.-上海:上海人民出版社,1973.01 |
| 395页;20cm |
| 内部读物.-根据美国罗伯特·斯佩勒父子出版公司1959年版译出 |
| ISBN :CNY2.40 |
| ● |
| 相关链接 |
|
|
|
|
正题名:独立的苏丹
索取号:K412/1:2
 
预约/预借
| 序号 | 登录号 | 条形码 | 馆藏地/架位号 | 状态 | 备注 |
| 1 | 0219135 | 001737302 | 第二样本阅览室/ [索取号:K412/1:2] | 在馆 |